Nghiên cứu, ứng dụng phương pháp đo mặt cắt điện trong xác định ranh giới phân chia cục bộ theo hướng Đông-Tây của nền địa chất tại khu vực phía sau giảng đường H1 của Trường Đại Học Bách Khoa, phục vụ cho việc xây dựng nền móng của công trình tại khu vực này
Tổng quan cơ sở vật lý – địa chất trong thăm dò điện. Tổng quan lý thuyết phương pháp đo mặt cắt điện. Đưa ra cấu hình thiết bị và quy trình đo đạc. Xử lý số liệu và giải đoán kết quả của phương pháp theo tuyến đo.
Guardado en:
| Autor principal: | |
|---|---|
| Otros Autores: | |
| Formato: | Libro |
| Lenguaje: | Vietnamese |
| Publicado: |
Đà Nẵng
Đại học Sư phạm, Đại học Đà Nẵng
2013
|
| Materias: | |
| Etiquetas: |
Agregar Etiqueta
Sin Etiquetas, Sea el primero en etiquetar este registro!
|
| Thư viện lưu trữ: | Mạng thư viện Đại học Đà Nẵng |
|---|
| LEADER | 02073nam a2200373 4500 | ||
|---|---|---|---|
| 001 | 000019156 | ||
| 003 | 15591 | ||
| 005 | 20140321150341.0 | ||
| 008 | 140320s2013 viesd | ||
| 041 | |a vie | ||
| 072 | |a VL | ||
| 082 | 1 | 4 | |a 621.3191 |b NG-T |
| 100 | 1 | |a Nguyễn Thị Cẩm Thu | |
| 245 | 1 | 0 | |a Nghiên cứu, ứng dụng phương pháp đo mặt cắt điện trong xác định ranh giới phân chia cục bộ theo hướng Đông-Tây của nền địa chất tại khu vực phía sau giảng đường H1 của Trường Đại Học Bách Khoa, phục vụ cho việc xây dựng nền móng của công trình tại khu vực này |c Nguyễn Thị Cẩm Thu ; Lương Văn Thọ hướng dẫn |k Khóa luận tốt nghiệp |
| 260 | |a Đà Nẵng |b Đại học Sư phạm, Đại học Đà Nẵng |c 2013 | ||
| 300 | |a 60 tr. |b Hình mh. |c 29 cm. | ||
| 500 | |a Khóa luận tốt nghiệp đại học. Chuyên ngành: Cử nhân Vật lý | ||
| 520 | |a Tổng quan cơ sở vật lý – địa chất trong thăm dò điện. Tổng quan lý thuyết phương pháp đo mặt cắt điện. Đưa ra cấu hình thiết bị và quy trình đo đạc. Xử lý số liệu và giải đoán kết quả của phương pháp theo tuyến đo. | ||
| 650 | 0 | 4 | |a Mặt cắt điện |v Khóa luận tốt nghiệp |x Nghiên cứu |x Xây dựng nền móng |z Đại học Bách Khoa Đà Nẵng |
| 653 | |a Mặt cắt điện | ||
| 653 | |a Khoa Vật Lý | ||
| 653 | |a Xây dựng nền móng | ||
| 653 | |a Địa chất | ||
| 700 | 1 | |a Lương Văn Thọ |e Hướng dẫn | |
| OWN | |a LSP | ||
| AVA | |a UDN50 |b LSP |d 621.3191 NG-T |e available |t Error 5001 Not defined in file expand_doc_bib_avail. |f 1 |g 0 |h N |i 0 |k 1 | ||
| 999 | |a From the UDN01 | ||
| AVA | |a UDN50 |b LSP |d 621.3191 NG-T |e available |t Error 5001 Not defined in file expand_doc_bib_avail. |f 1 |g 0 |h N |i 0 |k 1 | ||
| TYP | |a Monograph | ||
| TYP | |a Printed language | ||
| 980 | |a Mạng thư viện Đại học Đà Nẵng | ||